Triết lý hành động Hồ Chí Minh Sách hướng dẫn học tập
Nghiên cứu làm rõ về khái niệm, cơ sở hình thành, bản chất, phân tích nội dung, giá trị dân tộc và thời đại triết lý hành động Hồ Chí Minh
Tallennettuna:
| Päätekijä: | |
|---|---|
| Aineistotyyppi: | Kirja |
| Kieli: | Undetermined |
| Julkaistu: |
Hà Nội
Chính trị Quốc gia sự thật
2020
|
| Aiheet: | |
| Tagit: |
Lisää tagi
Ei tageja, Lisää ensimmäinen tagi!
|
| Thư viện lưu trữ: | Trung tâm Học liệu Trường Đại học Cần Thơ |
|---|
| LEADER | 00882nam a2200217Ia 4500 | ||
|---|---|---|---|
| 001 | CTU_236722 | ||
| 008 | 210402s9999 xx 000 0 und d | ||
| 020 | |c 86000 | ||
| 082 | |a 335.4346 | ||
| 082 | |b Tr513 | ||
| 100 | |a Yên, Ngọc Trung | ||
| 245 | 0 | |a Triết lý hành động Hồ Chí Minh | |
| 245 | 0 | |b Sách hướng dẫn học tập | |
| 245 | 0 | |c Yên Ngọc Trung | |
| 260 | |a Hà Nội | ||
| 260 | |b Chính trị Quốc gia sự thật | ||
| 260 | |c 2020 | ||
| 520 | |a Nghiên cứu làm rõ về khái niệm, cơ sở hình thành, bản chất, phân tích nội dung, giá trị dân tộc và thời đại triết lý hành động Hồ Chí Minh | ||
| 650 | |a Ho Chi Minh,Hồ Chí Minh | ||
| 650 | |x Biography,Tiểu sử | ||
| 980 | |a Trung tâm Học liệu Trường Đại học Cần Thơ | ||